À la pêche aux formes de pays - Statistiques

Statistiques générales
  • Ce quiz a été pris 33 901 fois
  • Le résultat moyen est 7 sur 20
Réponses sur la Carte
Les réponses sont colorées sur une échelle allant du rouge au vert en fonction du pourcentage des utilisateurs qui les ont devinées à leur premier essai. Vous pouvez retrouver ces pourcentages ci-dessous.
 
Statistiques - réponses
Pays % Correct
France
77%
Afrique du Sud
73%
Brésil
72%
Inde
71%
Espagne
70%
Australie
69%
Russie
69%
États-Unis
67%
Chili
65%
Italie
64%
Égypte
62%
Canada
59%
Royaume-Uni
59%
Chine
58%
Chypre
58%
Japon
56%
Norvège
56%
Maroc
55%
Turquie
55%
Mexique
54%
Croatie
53%
Argentine
50%
Grèce
50%
Madagascar
48%
Indonésie
46%
Somalie
46%
Algérie
45%
Autriche
45%
Portugal
45%
Allemagne
44%
Mali
44%
Thaïlande
43%
Viêt Nam
41%
Islande
40%
Philippines
40%
Cuba
38%
Ukraine
38%
Sénégal
37%
Kazakhstan
35%
Nouvelle-Zélande
35%
Roumanie
35%
Libye
34%
Mongolie
34%
Irlande
32%
Pérou
32%
Suisse
31%
Arabie Saoudite
30%
Laos
30%
République Démocratique du Congo
30%
Iran
29%
Soudan
29%
Sri Lanka
29%
Suède
29%
Tchad
29%
Belgique
28%
Éthiopie
28%
Mozambique
28%
Papouasie-Nouvelle-Guinée
28%
Taïwan
28%
Israël
27%
Tunisie
27%
Érythrée
26%
Malawi
26%
Pays-Bas
25%
Birmanie
24%
Namibie
24%
Niger
24%
Pakistan
24%
Cameroun
22%
Mauritanie
22%
Népal
22%
Panama
22%
Pologne
22%
Gambie
21%
Malaisie
21%
Bangladesh
20%
Émirats Arabes Unis
20%
Gabon
19%
Haïti
19%
Irak
19%
Yémen
19%
Afghanistan
18%
Corée du Nord
18%
Syrie
18%
Zambie
18%
Venezuela
17%
Biélorussie
16%
Nicaragua
16%
Géorgie
15%
Serbie
15%
Corée du Sud
14%
Colombie
12%
Kenya
11%
Nigeria
9%
Costa Rica
8%
Paraguay
8%
Guyana
7%
Guatemala
6%
Guinée
6%
Liberia
6%
Aucun quiz correspondant
Distribution des résultats
% des personnes avec chaque résultat
Percentile par nombre de réponses
Votre historique - résultats
Vous n’avez pas pris ce quiz